000 01283aam a2200301 i 4500
999 _c43221
_d43221
001 768714001
003 CO-MdFUSB
005 20190215162137.0
008 190215t1991 sp ||||| |||| 00| 0 spa d
020 _a950-28-0187-3
040 _aCO-MdFUSB
_bspa
_cCO-MdFUSB
_dCO-MdFUSBC
_erda
041 0 _aspa
082 0 4 _a158.24
_222
_bK482v
100 1 _aKiley, Dan
_eautor
245 1 0 _aVivir juntos, sentirse sola : Recupere la confianza en sí misma
_c/ Dan Kiley ; Jose Manuel Pomares
264 1 _aBuenos Aires : Grijalbo
_bGrijalbo,
_c[1991]
264 4 _c©1991
300 _a263 Páginas.
_c; 19 cm.
336 _atexto
_btxt
_2rdacontent
337 _2rdamedia
_asin mediación
_bn
338 _2rdacarrier
_avolumen
_bnc
490 _aAutoayuda y superación
500 _aTítulo original : Living together, feeling alone
505 0 0 _aPrimera parte: Soledad en convivencia -- ¿Esta usted sola? -- Causas externas de la SEC -- Causas internas de la SEC -- Los síntomas de la SEC - Segunda parte: tratamiento: Paso rendición -- Paso dos: retirada -- Paso tres: reevaluación. -- Paso cuatro: resurgimiento. -- Paso cinco: descubrimiento.
563 _aRústico
653 _aRelaciones humanas
_aAutoestima -- Psicología
_aRelaciones interpersonales
942 _cBK